|
|
|
|
| LEADER |
00782nta a2200217 i 4500 |
| 001 |
dokt7969 |
| 005 |
20221024131751.0 |
| 008 |
221024s1975 hu om 0|| hun d |
| 040 |
|
|
|a SZTE Doktori Repozitórium
|b hun
|
| 041 |
|
|
|a hun
|
| 100 |
1 |
|
|a Horváth Péter
|
| 245 |
1 |
3 |
|a Az N6- 2-(izopentenil) adenozin specifikus kémiai modifikálása a tisztított élesztő tRNSSer-ben
|h [elektronikus dokumentum] /
|c Horváth Péter
|
| 260 |
|
|
|c 1975
|
| 502 |
|
|
|a Disszertacio
|
| 650 |
|
4 |
|a biológiai tudományok
|
| 650 |
|
4 |
|a Természettudományok
|
| 650 |
|
4 |
|a Biológiai tudományok
|
| 650 |
|
4 |
|a Biokémia és molekuláris biológia
|
| 695 |
|
|
|a Kémia
|
| 700 |
1 |
|
|a Nincs megadva
|e ths
|
| 856 |
4 |
0 |
|u https://doktori.bibl.u-szeged.hu/id/eprint/7969/1/1975_horvath_peter.pdf
|z Dokumentum-elérés
|